Bilecik Bilecik Bilecik Bilecik Bilecik

Rüya yorumları -1-/ (Record no. 71452)

MARC details
000 -BAŞLIK
Sabit Uzunluktaki Kontrol Alanı 01151nam a22003977a 4500
001 - KONTROL NUMARASI
Control Dosyası 0070704
003 - KONTROL NUMARASI KİMLİĞİ
Kontrol Alanı KOHA_MİRAKIL
005 - EN SON İŞLEM TARİHİ ve ZAMANI
Kontrol Alanı 20260207004936.0
007 - FİZİKSEL TANIM SABİT ALAN - GENEL BİLGİ
Sabit uzunluklu kontrol alanı ta
008 - SABİT UZUNLUKTAKİ VERİ ÖGELERİ - GENEL BİLGİ
Sabit Alan 240314b2013 tu |||gr||||#0|||0|tur |
020 ## - ISBN - ULUSLARARASI STANDART KİTAP NUMARASI
Isbn 9789756070543
Nitelik bilgileri (tk.)
020 ## - ISBN - ULUSLARARASI STANDART KİTAP NUMARASI
Isbn 9789756070550
Nitelik bilgileri (c.1)
040 ## - KATALOGLAMA KAYNAĞI
Özgün Kataloglama Kurumu TR-BiSEU
Kataloglama Dili tur
Çeviri Kurumu TR-BiSEU
Açıklama Kuralları rda
041 0# - DİL KODU
Metin ya da ses kaydının dil kodu tur
044 ## - YAYINLAYAN/ÜRETEN KURULUŞUN ÜLKE KODU
ISO country code tu
050 ## - SINIFLAMA ve YER NUMARASI
Sınıflama Numarası BF1078
Yer Numarası .F74 2013
100 1# - KİŞİ ADI
Yazar Adı (Kişi adı) Freud, Sigmund.
245 1# - ESER ADI BİLDİRİMİ
Başlık Rüya yorumları -1-/
Sorumluluk Bildirimi Sigmund Freud ; Sigmund Freud; çeviren Akın Kanat.
250 ## - BASIM BİLDİRİMİ
Basım Bildirimi 6.Baskı
264 #1 - ÜRERİM, YAYIN, DAĞITIM ve TELİF BİLDİRİMİ
Yayın yeri İzmir :
Yayınlayan İlya İzmir Yayınevi
Yayın tarihi 2013
300 ## - FİZİKSEL TANIMLAMA
Sayfa, Cilt vb. ciltli; 20 cm.
336 ## - İÇERİK TÜRÜ
Content type term metin
Content type code txt
Source rdacontent
337 ## - MEDYA TÜRÜ
Media type term aracısız
Media type code n
Source rdamedia
338 ## - TAŞIYICI TÜRÜ
Carrier type term cilt
Carrier type code nc
Source rdacarrier
490 1# - DİZİ BİLDİRİMİ
Dizi Bildirimi Psikoloji Dizisi ;
Cilt Numarası 17.
490 1# - DİZİ BİLDİRİMİ
Dizi Bildirimi Yayın No ;
Cilt Numarası 112
500 ## - GENEL NOT
Genel Not Özgün eser adı: Die traumdeutung.
650 #0 - KONU BAŞLIĞI EK GİRİŞ - KONU TERİMİ
Konusal terim veya coğrafi ad Psikoanaliz.
9 (RLIN) 25677
650 #0 - KONU BAŞLIĞI EK GİRİŞ - KONU TERİMİ
Konusal terim veya coğrafi ad Rüyalar.
9 (RLIN) 13984
650 #0 - KONU BAŞLIĞI EK GİRİŞ - KONU TERİMİ
Konusal terim veya coğrafi ad Psychoanalysis.
9 (RLIN) 12245
650 #0 - KONU BAŞLIĞI EK GİRİŞ - KONU TERİMİ
Konusal terim veya coğrafi ad Dreams.
9 (RLIN) 13985
830 1# - SERİ EK GİRİŞİ - TEKBİÇİM ESER ADI
Tekbiçim Başlık Psikoloji Dizisi ;
Volume number/sequential designation 17.
9 (RLIN) 23157
830 1# - SERİ EK GİRİŞİ - TEKBİÇİM ESER ADI
Tekbiçim Başlık Yayın No ;
Volume number/sequential designation 112
9 (RLIN) 1861
907 ## - LOCAL DATA ELEMENT G, LDG (RLIN)
a Psikanaliz
942 ## - EK GİRİŞ ÖGELERİ (KOHA)
Source of classification or shelving scheme Library of Congress Classification
Koha item type Book
Holdings
Materyal Türü Kalıcı Konum Mevcut Konum Raf Yeri Sınıflandırma Kaynağı Edinim Bilgisi Ana Konular Alt Konular Yer Numarası Cilt Bilgisi Demirbaş Numarası Fatura Tarihi Geri Çekilme Durumu Kayıp Durumu Hasarlı Durumu Kredi için değil Kayıt Tarih Toplam Ödünçverme Son Görülme Tarihi Son Kontrol Tarihi Genel / Bağış Notu
Book Prof. Dr. Azmi Özcan Kütüphanesi Prof. Dr. Azmi Özcan Kütüphanesi Uluğbey Salonu Library of Congress Classification Bağış FELSEFE, PSİKOLOJİ, DİN Psikoloji BF1078 .F74 2013 c.1 0070704 02/02/2026         14/03/2024   17/03/2025 17/03/2025 Genel Bağış